Abrupt climatic change : evidence and implications
Αποθηκεύτηκε σε:
| Συγγραφή απο Οργανισμό/Αρχή: | |
|---|---|
| Άλλοι συγγραφείς: | , |
| Μορφή: | Βιβλίο |
| Γλώσσα: | English |
| Δημοσίευση: |
Dordrecht :
D. Reidel,
1987
|
| Σειρά: | NATO ASI series. Mathematical and physical sciences ;
; 216; Series C |
| Θέματα: | |
| Ετικέτες: |
Προσθήκη ετικέτας
Δεν υπάρχουν, Καταχωρήστε ετικέτα πρώτοι!
|
MARC
| LEADER | 00000nam a2200000 i 4500 | ||
|---|---|---|---|
| 001 | 1/69588 | ||
| 008 | 080109s1987 eng d | ||
| 020 | |a 90-277-2604-3 | ||
| 035 | |l 10093454 | ||
| 040 | |a GR-MY-UA |b gre |e aacr | ||
| 041 | 0 | |a eng | |
| 082 | 0 | |a 551.6 |2 (22) | |
| 245 | 1 | 0 | |a Abrupt climatic change : |b evidence and implications / |c edited by W.H. Berger and L.D. Labeyrie |
| 260 | |a Dordrecht : |b D. Reidel, |c 1987 | ||
| 300 | |a xix, 425 σ.; |b εικ.; |c 25 εκ. | ||
| 490 | 1 | |a NATO ASI series. Mathematical and physical sciences |v ; 216; Series C | |
| 500 | |a Τα πρακτικά του ΝΑΤΟ προώθησαν το ερευνητικό εργαστήριο στην απότομη κλιματολογική αλλαγή, ST Hugues de Biviers, Γαλλία, 16-22 Οκτωβρίου 1985 | ||
| 500 | |a Εκδόθηκε σε συνεργασία με το NATO Scientific Affairs Division | ||
| 504 | |a Περιέχει βιβλιογραφικές παραπομπές και ευρετήριο | ||
| 650 | 0 | 0 | |a Climatic changes |x Congresses. |
| 650 | 0 | 0 | |a Paleoclimatology |x Congresses. |
| 650 | 0 | 0 | |a Glacial epoch |x Congresses. |
| 700 | 1 | |a Berger, Wolfgang H. |4 edt | |
| 700 | 1 | |a Labeyrie, L. D. |q (Laurent D.) |d 1946- |4 edt | |
| 710 | 2 | |a North Atlantic Treaty Organization. |b Scientific Affairs Division. | |
| 830 | 0 | |a NATO ASI series. Mathematical and physical sciences ; |v ; 216; Series C | |
| 852 | |a INST |b LESVOS |e 20080109 |h 551.6 ABR |p 005100040350 |q 005100040350 |t BK |y 0 | ||
| 901 | |a BIBL1-2008-1 | ||
| 909 | |a Λ |b 143313 | ||
| 922 | |a 1ΕΛΗ |b 200712 |c ΕΠΕΑΕΚ2/ΤΕΘ |d ΠΑΠΑΣΩΤΗΡΙΟΥ | ||
| 970 | |a ΚΑΡΑ |b ΓΙΑΣΕΜΗ |z 2008/01/09 | ||